Normal view
MARC view
Entry Personal Name
001 - CONTROL NUMBER
- control field: 11949
003 - CONTROL NUMBER IDENTIFIER
- control field: OSt
005 - DATE AND TIME OF LATEST TRANSACTION
- control field: 20170324140548.0
008 - FIXED-LENGTH DATA ELEMENTS
- fixed length control field: 170324|| aca||aabn | a|a d
040 ## - CATALOGING SOURCE
- Original cataloging agency: OSt
- Transcribing agency: OSt
100 ## - HEADING--PERSONAL NAME
- Personal name: Edited by abranowicz,M.A;Bjornsson and Pringle,J,E;
670 ## - SOURCE DATA FOUND
- Source citation: Work cat.: (OSt): Edited by abranowicz,M.A;Bjornsson and Pringle,J,E;, Theory of Black Hole Accretion Discs., 1998.
